Psychológia peňazí

Psychologický prístup k peniazom a zdôraznenie ich subjektívnej hodnoty. Racionálne a iracionálne aspekty vnímania peňazí a zaobchádzanie s nimi. Psychológia peňazí, prežívanie a správanie človeka v kontexte sféry peňazí v porovnaní s klasickými hodnotami.

Salvato in:
Dettagli Bibliografici
Autore principale: Macková, Zdenka
Natura: Capitolo di libro
Lingua:slovacco
Soggetti:
Tags: Aggiungi Tag
Nessun Tag, puoi essere il primo ad aggiungerne!!

MARC

LEADER 00000nla$a2200000$$$4500
001 0141908
005 20240502072538.0
041 0 |a slo 
044 |a SK 
245 1 0 |a Psychológia peňazí  |c Zdenka Macková 
520 |a Psychologický prístup k peniazom a zdôraznenie ich subjektívnej hodnoty. Racionálne a iracionálne aspekty vnímania peňazí a zaobchádzanie s nimi. Psychológia peňazí, prežívanie a správanie človeka v kontexte sféry peňazí v porovnaní s klasickými hodnotami. 
610 2 0 |a peniaze 
610 2 0 |a sila kúpna peňazí 
610 2 0 |a hodnota 
610 2 0 |a prostriedky platobné 
610 2 0 |a vzťahy peňažné 
610 2 0 |a zásoba peňažná 
610 2 0 |a gramotnosť finančná 
610 2 0 |a psychológia ekonomická 
610 2 0 |a behaviorizmus 
100 1 |a Macková, Zdenka